Normal view
MARC view
- Sharma, Sutresh
Entry Personal Name
001 - CONTROL NUMBER
- control field: 212481
003 - CONTROL NUMBER IDENTIFIER
- control field: OSt
005 - DATE AND TIME OF LATEST TRANSACTION
- control field: 20250701154338.0
008 - FIXED-LENGTH DATA ELEMENTS
- fixed length control field: 250701|| aca||aabn | a|a d
040 ## - CATALOGING SOURCE
- Original cataloging agency: OSt
- Transcribing agency: OSt
100 ## - HEADING--PERSONAL NAME
- Personal name: Sharma, Sutresh
670 ## - SOURCE DATA FOUND
- Source citation: Work cat.: (OSt)367132: Sharma, Sutresh, Textbook of Pharmacology & Pathology for Nurses-II , 2024